Cikguku Legendz! / (Record no. 203558)

MARC details
000 -LEADER
fixed length control field 00966nam a2200277 i 4500
005 - DATE AND TIME OF LATEST TRANSACTION
control field 20260330112720.0
008 - FIXED-LENGTH DATA ELEMENTS--GENERAL INFORMATION
fixed length control field 260329t20252025my gr 000 0bmay d
020 ## - INTERNATIONAL STANDARD BOOK NUMBER
International Standard Book Number 9786299555841
Terms of availability RM24.20
Qualifying information paperback
040 ## - CATALOGING SOURCE
Original cataloging agency PPAK
Language of cataloging eng
Transcribing agency PPAK
Description conventions rda
082 04 - DEWEY DECIMAL CLASSIFICATION NUMBER
Edition number 23
Classification number 808.882
090 00 - LOCALLY ASSIGNED LC-TYPE CALL NUMBER (OCLC); LOCAL CALL NUMBER (RLIN)
Classification number (OCLC) (R) ; Classification number, CALL (RLIN) (NR) 808.882
Feature heading JUN
Feature heading G
100 0# - MAIN ENTRY--PERSONAL NAME
Personal name Jun Aina Alias,
Relator term author.
Dates associated with a name 1975-
Fuller form of name (Junainah binti Jumaat)
245 10 - TITLE STATEMENT
Title Cikguku Legendz! /
Statement of responsibility, etc. Penulis: Jun Aina Alias ; Editor: Sidang Editorial Mesbo Creative
264 #1 - PRODUCTION, PUBLICATION, DISTRIBUTION, MANUFACTURE, AND COPYRIGHT NOTICE
Place of production, publication, distribution, manufacture Tanjung Piandang, Perak :
Name of producer, publisher, distributor, manufacturer Mesbo Creative,
Date of production, publication, distribution, manufacture, or copyright notice 2025
Date of production, publication, distribution, manufacture, or copyright notice ©2025
300 ## - PHYSICAL DESCRIPTION
Extent 146 pages ;
Dimensions 20 cm
336 ## - CONTENT TYPE
Content type term text
Source rdacontent
337 ## - MEDIA TYPE
Media type term unmediated
Source rdamedia
338 ## - CARRIER TYPE
Carrier type term volume
Source rdacarrier
504 ## - BIBLIOGRAPHY, ETC. NOTE
Bibliography, etc. note Bibliography: page 217.
650 10 - SUBJECT ADDED ENTRY--TOPICAL TERM
Topical term or geographic name entry element Teachers
Form subdivision Anecdotes
Topical term or geographic name entry element Teacher-student relationships
Form subdivision Anecdotes
Topical term or geographic name entry element Anecdotes
710 2# - ADDED ENTRY--CORPORATE NAME
Corporate name or jurisdiction name as entry element Sidang Editorial Mesbo Creative,
Relator term editor.
942 ## - ADDED ENTRY ELEMENTS (KOHA)
Source of classification or shelving scheme Dewey Decimal Classification
Koha item type Book
Holdings
Withdrawn Not for loan Current library Shelving location Date acquired Total Checkouts Full call number Barcode Date last seen Koha item type
    Perpustakaan Alor Setar Pinjaman Dewasa 09/04/2026   808.882 JUN A01907070 09/04/2026 Book
    Perpustakaan Awam Sungai Petani Pinjaman Dewasa 09/04/2026   808.882 JUN A01907071 09/04/2026 Book
    Perpustakaan Baling Pinjaman Dewasa 09/04/2026   808.882 JUN A01907075 09/04/2026 Book
    Perpustakaan Bandar Baharu Pinjaman Dewasa 09/04/2026   808.882 JUN A01907076 09/04/2026 Book
    Perpustakaan Jitra Pinjaman Dewasa 09/04/2026   808.882 JUN A01907072 09/04/2026 Book
    Perpustakaan Kuala Nerang Pinjaman Dewasa 09/04/2026   808.882 JUN A01907080 09/04/2026 Book
    Perpustakaan Kulim Pinjaman Dewasa 09/04/2026   808.882 JUN A01907074 09/04/2026 Book
    Perpustakaan Langkawi Pinjaman Dewasa 09/04/2026   808.882 JUN A01907073 09/04/2026 Book
    Perpustakaan Merbok Pinjaman Dewasa 09/04/2026   808.882 JUN A01907077 09/04/2026 Book
    Perpustakaan Pendang Pinjaman Dewasa 09/04/2026   808.882 JUN A01907081 09/04/2026 Book
    Perpustakaan Sik Pinjaman Dewasa 09/04/2026   808.882 JUN A01907079 09/04/2026 Book
    Perpustakaan Yan Pinjaman Dewasa 09/04/2026   808.882 JUN A01907078 09/04/2026 Book
    Bergerak 1, Alor Setar Pinjaman Dewasa 09/04/2026   808.882 JUN A01907082 09/04/2026 Book
    Bergerak 3, Baling Pinjaman Dewasa 09/04/2026   808.882 JUN A01907083 09/04/2026 Book
    Bergerak 4, Sungai Petani Pinjaman Dewasa 09/04/2026   808.882 JUN A01907084 09/04/2026 Book
    Bergerak 5, Kulim Pinjaman Dewasa 09/04/2026   808.882 JUN A01907085 09/04/2026 Book